[Event "Regionalliga SW 0708"]
[Site "Bayern"]
[Date "2007.11.25"]
[Round "3.8"]
[White "Getfert, Harald"]
[Black "Juptner, Jan"]
[Result "1-0"]
[WhiteElo "1860"]
[BlackElo "2266"]
[PlyCount "99"]
[EventDate "2007.10.21"]
[EventType "team-tourn"]
[EventRounds "9"]
[EventCountry "GER"]
[SourceTitle "EXT 2009"]
[Source "ChessBase"]
[SourceDate "2008.11.26"]
[SourceVersion "1"]
[SourceVersionDate "2008.11.26"]
[SourceQuality "1"]
[WhiteTeam "Muenchen Siemens"]
[BlackTeam "Muenchen Tarrasch II"]
[WhiteTeamCountry "GER"]
[BlackTeamCountry "GER"]

1. e4 c5 2. c3 Nf6 3. e5 Nd5 4. d4 cxd4 5. cxd4 e6 6. Nf3 d6 7. exd6 Bxd6 8. Bc4 0-0 9. 0-0 Nc6 10. Nc3 Be7 11. Nxd5 exd5 12. Be2 Qb6 13. b3 Bg4 14. Be3 Bf6 15. Qd2 Rfd8 16. Rfd1 h6 17. Rac1 a6 18. h3 Bf5 19. Bd3 Be4 20. Bxe4 dxe4 21. d5 Qb5 22. Rc5 Qb4 23. Rc4 Qxd2 24. Nxd2 Rxd5 25. Rdc1 Rad8 26. Nxe4 Rd1+ 27. Rxd1 Rxd1+ 28. Kh2 Be5+ 29. g3 Bd4 30. Bxd4 Nxd4 31. Kg2 f5 32. Rc8+ Kh7 33. Nd6 g5 34. Nxb7 Ra1 35. Rd8 Nc2 36. Rd7+ Kg6 37. Rd6+ Kg7 38. Rxa6 g4 39. hxg4 fxg4 40. a4 Nd4 41. Nd6 Nf3 42. Nf5+ Kf8 43. Ra8+ Kf7 44. Nxh6+ Ke6 45. Nxg4 Ne1+ 46. Kh3 Kf5 47. Ne3+ Ke4 48. Kg4 Ra2 49. Re8+ Kd4 50. Nf5+ 1-0